[Event "C.to Regionale Lombardia"]
[Site "Monza ITA"]
[Date "2005.05.21"]
[Round "4"]
[White "Viale, Fabio"]
[Black "Salmoiraghi, Angelo"]
[Result "0-1"]
[WhiteElo "1595"]
[BlackElo "1823"]
[PlyCount "93"]
[EventDate "2005.05.14"]

1. d4 g6 2. c4 Bg7 3. Nc3 c5 4. e3 Nf6 5. Nf3 O-O 6. Bd3 d6 7.
O-O Bg4 8. h3 Bxf3 9. Qxf3 Nc6 10. d5 Ne5 11. Qe2 Nfd7 12. f4 Nxd3 13. Qxd3 a6
14. a4 f5 15. Bd2 Bxc3 16. Bxc3 Nf6 17. Bxf6 exf6 18. Rfe1 Qa5 19. Qc3 Qxc3 20.
bxc3 Rae8 21. a5 Re4 22. Ra4 Rfe8 23. Kf2 R8e7 24. g3 Kf7 25. Re2 h5 26. h4 g5
27. Kf3 gxh4 28. gxh4 Ke8 29. Re1 Rg7 30. Rh1 Kd7 31. Kf2 Rg4 32. Rh3 Re8 33.
Ra1 Reg8 34. Rh2 Kc7 35. Rb1 Re8 36. Ra1 b6 37. Rh3 Re4 38. axb6+ Kxb6 39. Ra4
Rxc4 40. Rxc4 Kb5 41. Rb4+ cxb4 42. cxb4 Kxb4 43. Kf3 a5 44. Rh1 a4 45. e4
fxe4+ 46. Kxe4 a3 47. Kf5 0-1

[Event "C.to Regionale Lombardia"]
[Site "Monza ITA"]
[Date "2005.05.21"]
[Round "4"]
[White "Vignoli, Matteo"]
[Black "Nardone, Massimo"]
[Result "0-1"]
[WhiteElo "1978"]
[BlackElo "1903"]
[PlyCount "54"]
[EventDate "2005.05.14"]

1. e4 d5 2. exd5 Qxd5 3. Nc3 Qa5 4. d4 c6 5. Nf3 Bf5 6. Bc4 e6 7. O-O Nf6 8.
Bd2 Bb4 9. a3 Bxc3 10. Bxc3 Qc7 11. b4 O-O 12. Bb2 Nbd7 13. Bb3 a5 14. Re1 a4
15. Ba2 Rfd8 16. Qe2 b5 17. Rac1 Nb6 18. Ne5 Be4 19. c4 bxc4 20. Nxc4 Nbd5 21.
Ne5 Nf4 22. Qd1 Bxg2 23. Qd2 N6h5 24. Qc3 Qe7 25. Nf3 Qf6 26. Rc2 Qg6 27. Re3
Nh3# 0-1

[Event "C.to Regionale Lombardia"]
[Site "Monza ITA"]
[Date "2005.05.22"]
[Round "5"]
[White "Azzoni, Silvia"]
[Black "Lanni, Vincenzo"]
[Result "1-0"]
[WhiteElo "1568"]
[BlackElo "1625"]
[PlyCount "119"]
[EventDate "2005.05.14"]

1. e4 g6 2. d4 Bg7 3. Nf3 d6 4. b3 c6 5. Bb2 Nf6 6. Nbd2 O-O 7. Bd3 Nbd7 8. O-O
Nh5 9. c4 e5 10. dxe5 Nf4 11. Bc2 Nxe5 12. Nxe5 Qg5 13. Qf3 dxe5 14. Rfe1 Nh3+
15. Kh1 Qxd2 16. Re2 Qf4 17. Qxf4 Nxf4 18. Rd2 Be6 19. Rad1 c5 20. Kg1 b6 21.
g3 Nh3+ 22. Kg2 h5 23. f3 Ng5 24. h4 Bh3+ 25. Kf2 Nh7 26. Rd5 Be6 27. R5d3 f5
28. Rd6 Rae8 29. Rc6 fxe4 30. Bxe4 Bf5 31. Bxf5 Rxf5 32. Rxg6 Nf8 33. Rg5 Rxg5
34. hxg5 Ne6 35. Bc1 Nd4 36. Rh1 Kf7 37. Rxh5 e4 38. f4 Kg6 39. Rh1 Rh8 40.
Rxh8 Bxh8 41. Ke3 Nf5+ 42. Kxe4 Nxg3+ 43. Kd5 Ne2 44. Be3 Nc3+ 45. Ke6 Bd4 46.
f5+ Kg7 47. f6+ Kf8 48. Bf4 Ne4 49. Bd6+ Nxd6 50. Kxd6 Kf7 51. Kc6 Bc3 52. Kb7
Ba5 53. Kxa7 Kg6 54. Ka6 Kf7 55. Kb5 Kg6 56. a3 Bd2 57. Kxb6 Bxg5 58. Kxc5 Kxf6
59. a4 Ke6 60. Kc6 1-0

[Event "C.to Regionale Lombardia"]
[Site "Monza ITA"]
[Date "2005.05.22"]
[Round "5"]
[White "Biava, Pierluigi"]
[Black "Sala, Sergio"]
[Result "0-1"]
[WhiteElo "1739"]
[BlackElo "1811"]
[PlyCount "108"]
[EventDate "2005.05.14"]

1. d4 d5 2. Nf3 Nf6 3. e3 e6 4. Nbd2 c5 5. c3 Nc6 6. Bd3 Bd6 7. O-O O-O 8. Re1
e5 9. dxe5 Nxe5 10. Nxe5 Bxe5 11. Nf1 Bg4 12. f3 Bh5 13. g4 Bg6 14. Bxg6 fxg6
15. Kg2 Qd7 16. Ng3 Bc7 17. Qb3 Qc6 18. g5 Nd7 19. f4 c4 20. Qd1 d4+ 21. e4 d3
22. Qf3 Rf7 23. Rf1 Raf8 24. Qg4 Nc5 25. Kf3 Rxf4+ 26. Bxf4 Rxf4+ 27. Qxf4 Bxf4
28. Kxf4 Ne6+ 29. Kg4 Qb5 30. h4 Qxb2 31. Rab1 Qxc3 32. Rxb7 h6 33. gxh6 gxh6
34. Rb8+ Kh7 35. Rf7+ Ng7 36. Rff8 h5+ 37. Kh3 g5 38. hxg5 d2 39. Rbd8 Qe5 40.
Rh8+ Kg6 41. Rxd2 Qxg5 42. Rg2 Kf7 43. Nf5 Qc1 44. Rxg7+ Kf6 45. Rf8+ Ke5 46.
Re7+ Kf4 47. Ng3+ Ke3 48. Rf1 Qc2 49. e5 Qg6 50. Rxa7 Qg4+ 51. Kh2 h4 52. Nf5+
Ke2 53. Rg7 Qe4 54. Rgg1 Qxe5+ 0-1

[Event "C.to Regionale Lombardia"]
[Site "Monza ITA"]
[Date "2005.05.22"]
[Round "5"]
[White "Cardani, Roberto"]
[Black "Cattaneo, Dario"]
[Result "0-1"]
[WhiteElo "1840"]
[BlackElo "1556"]
[PlyCount "95"]
[EventDate "2005.05.14"]

1. e4 e6 2. d4 d5 3. Nc3 c5 4. Nf3 Nc6 5. exd5 exd5 6. Bb5 a6 7. Bxc6+ bxc6 8.
O-O Be7 9. Re1 Bg4 10. dxc5 Nf6 11. Bf4 O-O 12. b4 Re8 13. Qd3 Bxf3 14. Qxf3
Qd7 15. Ne2 Ne4 16. Nd4 Bf6 17. Qd3 a5 18. f3 Bxd4+ 19. Qxd4 Nf6 20. Rxe8+ Qxe8
21. a3 axb4 22. axb4 Ra2 23. Rc1 Rxc2 24. Qd1 Rxc1 25. Qxc1 Qe2 26. Qd2 Qa6 27.
g4 h6 28. h4 Nh7 29. Kf2 g5 30. hxg5 hxg5 31. Bxg5 Nxg5 32. Qxg5+ Kf8 33. Qd8+
Kg7 34. Qb6 Qa2+ 35. Kg3 Qa8 36. b5 cxb5 37. c6 Qe8 38. c7 Qe1+ 39. Kg2 Qd2+
40. Kh3 Qc1 41. Qd4+ Kg8 42. Qe5 Qh1+ 43. Kg3 Qg1+ 44. Kh4 Qf2+ 45. Kg5 Qd2+
46. f4 Qc2 47. Qe8+ Kg7 48. c8=Q 0-1

[Event "C.to Regionale Lombardia"]
[Site "Monza ITA"]
[Date "2005.05.22"]
[Round "5"]
[White "D'Apa, Massimo"]
[Black "Bergonzoni, Carlo"]
[Result "0-1"]
[WhiteElo "1341"]
[BlackElo "1509"]
[PlyCount "38"]
[EventDate "2005.05.14"]

1. e4 c5 2. c3 Nf6 3. d3 d6 4. Nf3 e6 5. Be3 Nc6 6. Nbd2 Be7 7. Be2 O-O 8. O-O
Ng4 9. h3 Nxe3 10. fxe3 b5 11. d4 c4 12. d5 Ne5 13. Nxe5 dxe5 14. Nf3 Bd6 15.
b3 exd5 16. exd5 e4 17. Nd4 Qg5 18. Qe1 Bxh3 19. Qf2 Bg3 0-1

[Event "C.to Regionale Lombardia"]
[Site "Monza ITA"]
[Date "2005.05.22"]
[Round "5"]
[White "Damia, Angelo"]
[Black "Crippa, Gabriele"]
[Result "1/2-1/2"]
[WhiteElo "2110"]
[BlackElo "2099"]
[PlyCount "32"]
[EventDate "2005.05.14"]

1. e4 d6 2. d4 Nf6 3. Nc3 e5 4. Nf3 exd4 5. Nxd4 Be7 6. Bf4 O-O 7. Qd2 c6 8.
O-O-O b5 9. f3 b4 10. Nce2 c5 11. Nf5 Bxf5 12. exf5 Nc6 13. g4 Ne5 14. Bxe5
dxe5 15. Qxd8 Rfxd8 16. c4 Rxd1+ 1/2-1/2

[Event "C.to Regionale Lombardia"]
[Site "Monza ITA"]
[Date "2005.05.22"]
[Round "5"]
[White "Di Mauro, Valerio"]
[Black "Fornari, Sergio"]
[Result "0-1"]
[WhiteElo "1586"]
[BlackElo "1403"]
[PlyCount "109"]
[EventDate "2005.05.14"]

1. e4 e5 2. Nf3 Nc6 3. d4 exd4 4. Bc4 f6 5. c3 Na5 6. Qa4 c6 7. cxd4 b5 8. Bxb5
cxb5 9. Qxb5 Qb6 10. Qxb6 axb6 11. O-O Bb7 12. Nc3 Bb4 13. Nb5 Rc8 14. a3 Be7
15. d5 Nb3 16. Rb1 Bc5 17. Rd1 Ba6 18. Nc3 d6 19. Nd2 Nxc1 20. Rbxc1 b5 21. b4
Bb6 22. Ne2 Ne7 23. Rxc8+ Bxc8 24. Nb3 O-O 25. Na5 f5 26. e5 dxe5 27. d6 Rd8
28. Nc3 Kf7 29. dxe7 Rxd1+ 30. Nxd1 Kxe7 31. Nc3 Bxa5 32. bxa5 Ba6 33. f3 Kd6
34. Na2 e4 35. Nb4 Bb7 36. a6 Ba8 37. fxe4 fxe4 38. Kf2 Kc5 39. Na2 Kb6 40. Nc3
Kxa6 41. Ke3 Ka5 42. Na2 g5 43. g3 Kb6 44. Kd4 h5 45. h4 g4 46. Nc3 Bc6 47. Ke3
Kc5 48. Kd2 Kc4 49. Kc2 e3 50. Ne2 Be4+ 51. Kd1 Bf3 52. Ke1 Bxe2 53. Kxe2 Kd4
54. Ke1 Kd3 55. a4 0-1

[Event "C.to Regionale Lombardia"]
[Site "Monza ITA"]
[Date "2005.05.22"]
[Round "5"]
[White "Faccio, Fabio"]
[Black "Mazzarelli, Donato"]
[Result "0-1"]
[WhiteElo "1952"]
[BlackElo "1578"]
[PlyCount "81"]
[EventDate "2005.05.14"]

1. e4 e5 2. Nf3 Nc6 3. Bb5 a6 4. Ba4 b5 5. Bb3 Nf6 6. O-O Be7 7. Re1 d6 8. c3
O-O 9. h3 h6 10. d4 Bd7 11. Nbd2 Re8 12. Nf1 Bf8 13. Ng3 Na5 14. Bc2 Nc4 15. b3
Na5 16. Be3 Nc6 17. Qd2 a5 18. a3 Rb8 19. Ra2 b4 20. cxb4 axb4 21. d5 Ne7 22.
a4 Ng6 23. Bd3 c6 24. dxc6 Bxc6 25. Rc1 Ba8 26. Bb5 Qa5 27. Bxe8 Rxe8 28. Rac2
Nxe4 29. Nxe4 Bxe4 30. Rc8 Rxc8 31. Rxc8 Bf5 32. Rb8 d5 33. Rb5 Qc7 34. Qxd5
Be6 35. Qd1 Qc6 36. Nxe5 Nxe5 37. Rxe5 Qc3 38. Bd4 Qc7 39. Re1 Qd6 40. Be5 Qb6
41. Qc2 0-1

[Event "C.to Regionale Lombardia"]
[Site "Monza ITA"]
[Date "2005.05.22"]
[Round "5"]
[White "Fiorili, Roberto"]
[Black "D'Apa, Matteo"]
[Result "0-1"]
[WhiteElo "1742"]
[BlackElo "1993"]
[PlyCount "71"]
[EventDate "2005.05.14"]

1. d4 d5 2. Nf3 c6 3. Bf4 Bg4 4. e3 Nf6 5. c3 e6 6. Nbd2 Bd6 7. Bd3 Bxf4 8.
exf4 Qd6 9. g3 O-O 10. Qc2 Nbd7 11. Ng5 Bf5 12. Bxf5 exf5 13. O-O-O h6 14. Nh3
c5 15. dxc5 Qxc5 16. Nb3 Qc7 17. Qxf5 b5 18. Kb1 a5 19. Rc1 Qb7 20. Rhd1 Rfc8
21. Ng1 b4 22. Ne2 a4 23. Nbd4 bxc3 24. Nxc3 Rc4 25. f3 Rb8 26. Rd2 Rxd4 27.
Rcc2 Rxd2 28. Rxd2 Nb6 29. Re2 Re8 30. Rxe8+ Nxe8 31. Qe5 Nf6 32. Qe2 d4 33.
Ne4 Nbd5 34. Qc4 a3 35. b3 Nxe4 36. fxe4 0-1

[Event "C.to Regionale Lombardia"]
[Site "Monza ITA"]
[Date "2005.05.22"]
[Round "5"]
[White "Folcini, Gaddo"]
[Black "Lamera, Giuseppe"]
[Result "0-1"]
[WhiteElo "1502"]
[BlackElo "1440"]
[PlyCount "72"]
[EventDate "2005.05.14"]

1. d4 d6 2. e4 Nf6 3. Nc3 c6 4. Nf3 Qa5 5. Bd2 Qb6 6. e5 dxe5 7. dxe5 Nfd7 8.
Be2 e6 9. O-O Be7 10. Ne4 O-O 11. Be3 Qxb2 12. Bd4 Qb4 13. a3 Qa5 14. Bc3 Qc7
15. Nd6 Rd8 16. Qd4 Nb6 17. Qg4 Nd5 18. Bb2 f6 19. exf6 Nxf6 20. Bxf6 Bxf6 21.
Nxc8 Qxc8 22. Rad1 b5 23. Rxd8+ Qxd8 24. Qxe6+ Kh8 25. Rd1 Qf8 26. Ne5 Bxe5 27.
Qxe5 Na6 28. Rd7 Re8 29. Qd4 Rxe2 30. Kf1 Re8 31. Rxa7 Nc5 32. Rc7 Ne6 33. Qd7
Nxc7 34. Qxc7 Qxa3 35. g3 Qc5 36. Qd7 Rf8 0-1

[Event "C.to Regionale Lombardia"]
[Site "Monza ITA"]
[Date "2005.05.22"]
[Round "5"]
[White "Kokosar, Oliviero"]
[Black "Redaelli, Gianfranco"]
[Result "1/2-1/2"]
[WhiteElo "1499"]
[BlackElo "1622"]
[PlyCount "42"]
[EventDate "2005.05.14"]

1. e4 e6 2. d4 g6 3. Nf3 d6 4. Bc4 Ne7 5. Bg5 h6 6. Bh4 b6 7. Nc3 Bg7 8. d5 e5
9. h3 a6 10. a4 Nd7 11. b4 O-O 12. Bd3 Nf6 13. Ne2 g5 14. Bg3 Ng6 15. c4 Nh5
16. Rc1 f5 17. exf5 Bxf5 18. Qc2 Bxd3 19. Qxd3 Ngf4 20. Bxf4 Nxf4 21. Nxf4 Rxf4
1/2-1/2

[Event "C.to Regionale Lombardia"]
[Site "Monza ITA"]
[Date "2005.05.22"]
[Round "5"]
[White "Madaschi, Sergio"]
[Black "Bertrecchi, Corrado"]
[Result "1-0"]
[WhiteElo "1604"]
[BlackElo "1425"]
[PlyCount "90"]
[EventDate "2005.05.14"]

1. e4 d6 2. d4 Nf6 3. Nc3 c6 4. f4 Qa5 5. Bd2 e5 6. Nd5 Qd8 7. Nxf6+ Qxf6 8.
dxe5 dxe5 9. Qf3 exf4 10. Bc3 Qh4+ 11. g3 fxg3 12. hxg3 Qe7 13. O-O-O Be6 14.
Kb1 Qc7 15. Ne2 Na6 16. Nf4 Nc5 17. b3 a5 18. Bh3 b5 19. Nxe6 Nxe6 20. Bxe6
fxe6 21. Qh5+ g6 22. Qg4 e5 23. Qe6+ Be7 24. Bxe5 Qc8 25. Qxc8+ Rxc8 26. Bxh8
Kf7 27. Rxh7+ Ke6 28. Bc3 b4 29. Bb2 Ra8 30. Rg7 g5 31. Rg6+ Kf7 32. Rxc6 a4
33. Rh1 Bf8 34. Rh7+ Ke8 35. Rhc7 Ra5 36. Rc8+ Kd7 37. R8c7+ Ke8 38. Rc4 axb3
39. cxb3 Bd6 40. Rb7 Bxg3 41. Rcxb4 g4 42. Ra4 Rh5 43. e5 Bxe5 44. Bxe5 Rh1+
45. Kc2 Re1 1-0

[Event "C.to Regionale Lombardia"]
[Site "Monza ITA"]
[Date "2005.05.22"]
[Round "5"]
[White "Manca, Renato"]
[Black "Villa, Maurizio"]
[Result "1-0"]
[WhiteElo "1808"]
[BlackElo "1530"]
[PlyCount "88"]
[EventDate "2005.05.14"]

1. e4 c6 2. d4 d5 3. Nc3 dxe4 4. f3 e3 5. Bxe3 Bf5 6. Bd3 Bxd3 7. Qxd3 e6 8.
O-O-O Nd7 9. Nh3 Be7 10. Rhe1 Qc7 11. Bf4 Bd6 12. Bxd6 Qxd6 13. Ne4 Qe7 14.
Nhg5 h6 15. Nxe6 fxe6 16. Nc3 O-O-O 17. Kb1 Nb6 18. a4 Nf6 19. a5 Nbd5 20. a6
b6 21. Re5 Qd6 22. Nxd5 Nxd5 23. Qg6 Qd7 24. Rxe6 Kc7 25. Rde1 Rhe8 26. Rxe8
Rxe8 27. Qxe8 b5 28. Qa8 Kb6 29. Re8 Kxa6 30. Qc8+ Qb7 31. Qxb7+ Kxb7 32. Rg8
g5 33. Rg6 Nf4 34. Rxh6 Nxg2 35. Rg6 Nh4 36. Rf6 Kc7 37. c3 a5 38. Kc2 Kd7 39.
h3 Ng2 40. Rg6 Nf4 41. Rxg5 Ne6 42. Rf5 Kd6 43. h4 Ke7 44. h5 Ng7 1-0

[Event "C.to Regionale Lombardia"]
[Site "Monza ITA"]
[Date "2005.05.22"]
[Round "5"]
[White "Marchesotti, Giovanni"]
[Black "Mannoni, Luigi"]
[Result "1-0"]
[WhiteElo "1499"]
[BlackElo "1637"]
[PlyCount "104"]
[EventDate "2005.05.14"]

1. Nf3 d5 2. g3 Nf6 3. Bg2 e6 4. O-O Be7 5. d3 O-O 6.
Nbd2 c5 7. c4 d4 8. Ne5 Nbd7 9. Ndf3 Bd6 10. Bf4 Qc7 11. Nxd7 Nxd7 12. Bxd6
Qxd6 13. Qd2 Rb8 14. a4 b6 15. Rfb1 Bb7 16. b4 e5 17. b5 h6 18. a5 Rfe8 19.
axb6 axb6 20. Ra7 e4 21. Ne1 e3 22. fxe3 dxe3 23. Qb2 Bxg2 24. Nxg2 Nf6 25. Rf1
Ng4 26. Rfxf7 Ne5 27. Rxg7+ Kf8 28. Qa1 Qf6 29. Qf1 Re6 30. Nf4 Rd6 31. Nd5
Qxf1+ 32. Kxf1 h5 33. Nxe3 Rf6+ 34. Kg2 Re8 35. Nd5 Rf5 36. Ne7 Rf6 37. Rg8+
Kf7 38. Rxe8 Kxe8 39. Nd5 Rf5 40. Nf4 h4 41. Rh7 hxg3 42. hxg3 Ng4 43. Rh5 Rf6
44. Kf3 Nh6 45. e4 Nf7 46. e5 Nxe5+ 47. Rxe5+ Kf7 48. Kg4 Rd6 49. Re6 Rxe6 50.
Nxe6 Kxe6 51. Kg5 Kf7 52. g4 Ke6 1-0

[Event "C.to Regionale Lombardia"]
[Site "Monza ITA"]
[Date "2005.05.22"]
[Round "5"]
[White "Merlini, Luigi"]
[Black "Panaio, Luigi"]
[Result "0-1"]
[WhiteElo "1456"]
[BlackElo "1416"]
[PlyCount "46"]
[EventDate "2005.05.14"]

1. e4 c5 2. Nf3 Nc6 3. d4 e6 4. d5 exd5 5. exd5 Nce7 6. c4 d6 7. Be2 Nf6 8. Nc3
g6 9. Bg5 Bg7 10. O-O O-O 11. Qd2 Re8 12. Bxf6 Bxf6 13. Rae1 Bg4 14. Ne4 Bg7
15. b3 Nf5 16. Qf4 Bxf3 17. Bxf3 Be5 18. Qd2 Nd4 19. Bd1 Qh4 20. f4 Bg7 21. Re3
Qd8 22. Qf2 Nf5 23. Ree1 Bd4 0-1

[Event "C.to Regionale Lombardia"]
[Site "Monza ITA"]
[Date "2005.05.22"]
[Round "5"]
[White "Milan, Paolo"]
[Black "Corti, Lorenzo"]
[Result "1-0"]
[WhiteElo "1883"]
[BlackElo "1437"]
[PlyCount "54"]
[EventDate "2005.05.14"]

1. d4 Nf6 2. Nf3 d5 3. e3 Bg4 4. Nbd2 Nc6 5. Be2 e6 6. O-O Bd6 7. h3 Bh5 8. c3
Qd7 9. Qc2 Ne7 10. e4 Bg6 11. Bd3 dxe4 12. Nxe4 Bh5 13. Ne5 Bxe5 14. dxe5 Nfd5
15. f4 Nf5 16. Qf2 b6 17. g4 Nde3 18. Nd6+ cxd6 19. Bxe3 Nxe3 20. Qxe3 Bg6 21.
f5 exf5 22. gxf5 Bh5 23. Qg5 dxe5 24. Be4 Qe7 25. Qxh5 Qc5+ 26. Kg2 Rd8 27.
Rad1 Ke7 1-0

[Event "C.to Regionale Lombardia"]
[Site "Monza ITA"]
[Date "2005.05.22"]
[Round "5"]
[White "Molteni, Costantino"]
[Black "Viale, Fabio"]
[Result "1-0"]
[WhiteElo "1986"]
[BlackElo "1595"]
[PlyCount "81"]
[EventDate "2005.05.14"]

1. Nf3 Nf6 2. c4 b6 3. g3 Bb7 4. Bg2 e6 5. O-O Be7 6. b3 O-O 7. Bb2 c5 8. Nc3
d5 9. cxd5 exd5 10. d4 Nc6 11. Rc1 Rc8 12. dxc5 bxc5 13. Na4 Nb8 14. Nd2 Ba6
15. Nc3 Re8 16. Re1 Bf8 17. e4 d4 18. Ne2 Nc6 19. Nf4 Ne5 20. Bf1 Bxf1 21. Nxf1
Qd7 22. Kg2 Qb5 23. Qd2 Qb7 24. f3 Bd6 25. Nd3 Nxd3 26. Qxd3 Qb8 27. Nd2 Nh5
28. Nf1 Bf4 29. Rc2 Qb4 30. Rd1 Red8 31. Bc1 Bxc1 32. Rdxc1 Nf6 33. Rc4 Qa3 34.
R1c2 Nd7 35. Ra4 c4 36. Raxc4 Rxc4 37. Qxc4 Ne5 38. Qc5 Qxc5 39. Rxc5 f6 40.
Nd2 d3 41. Kf2 1-0

[Event "C.to Regionale Lombardia"]
[Site "Monza ITA"]
[Date "2005.05.22"]
[Round "5"]
[White "Nardone, Massimo"]
[Black "Lapiccirella, Mattia"]
[Result "1/2-1/2"]
[WhiteElo "1903"]
[BlackElo "2220"]
[PlyCount "64"]
[EventDate "2005.05.14"]

1. c4 c5 2. Nf3 Nf6 3. g3 b6 4. Bg2 Bb7 5. O-O e6 6. d4 cxd4 7. Nxd4 Bxg2 8.
Kxg2 Qc7 9. b3 a6 10. Bb2 Nc6 11. Nd2 Nxd4 12. Bxd4 Be7 13. Nf3 O-O 14. Qd3 Qb7
15. Rac1 Rad8 16. c5 bxc5 17. Bxc5 d6 18. Ba3 e5 19. Qb1 Ne4 20. Kg1 f5 21. Rc2
d5 22. Bxe7 Qxe7 23. Rfc1 Nd6 24. Rc7 Qf6 25. Qb2 d4 26. R1c6 g5 27. Qa3 h6 28.
Nd2 e4 29. Nc4 Nxc4 30. Rxf6 Nxa3 31. Rg6+ Kh8 32. Rxh6+ Kg8 1/2-1/2

[Event "C.to Regionale Lombardia"]
[Site "Monza ITA"]
[Date "2005.05.22"]
[Round "5"]
[White "Paniga, Danilo"]
[Black "Santelli, Francesco"]
[Result "1-0"]
[WhiteElo "1665"]
[BlackElo "1849"]
[PlyCount "131"]
[EventDate "2005.05.14"]

1. d4 Nf6 2. Nf3 d5 3. e3 Bg4 4. Nbd2 e6 5. Bd3 Nbd7 6. O-O c5 7. c3 a6 8. Re1
Bd6 9. e4 dxe4 10. Nxe4 Nxe4 11. Bxe4 Qc7 12. h3 Bh5 13. d5 e5 14. c4 O-O 15.
Qd3 Nf6 16. Bf5 Bg6 17. Ng5 Rae8 18. Ne4 Nxe4 19. Qxe4 b5 20. b3 b4 21. Bb2 a5
22. Re3 Bxf5 23. Qxf5 g6 24. Qf6 Qe7 25. Qxe7 Rxe7 26. Rae1 Rfe8 27. f3 f5 28.
g4 h6 29. Kg2 Kf7 30. R3e2 f4 31. h4 Kf6 32. Rh1 Ra7 33. Re4 Kf7 34. Rhe1 Rae7
35. Kh3 g5 36. hxg5 hxg5 37. Kg2 Kg6 38. Rh1 Rh7 39. Ree1 Rh4 40. Rxh4 gxh4 41.
Re4 Kg5 42. Kh3 Kf6 43. Rxf4+ Kg6 44. Rf5 Bc7 45. Kxh4 Rh8+ 46. Rh5 Re8 47. Kg3
e4+ 48. Kf2 exf3 49. Kxf3 Rf8+ 50. Rf5 Rxf5+ 51. gxf5+ Kxf5 52. Bg7 Bd6 53. Bh6
Bc7 54. Bf8 Bb6 55. Be7 Ke5 56. Ke3 Kf5 57. d6 Ke6 58. Ke4 Ba7 59. Bf8 Bb6 60.
d7 Kf7 61. Bxc5 Bd8 62. Kd5 Kf6 63. Kc6 Ke6 64. Bb6 Ke7 65. Bxd8+ Kxd8 66. c5
1-0

[Event "C.to Regionale Lombardia"]
[Site "Monza ITA"]
[Date "2005.05.22"]
[Round "5"]
[White "Peluso, Lorenzo"]
[Black "Bencivenga, Antonio"]
[Result "0-1"]
[WhiteElo "1428"]
[BlackElo "1476"]
[PlyCount "70"]
[EventDate "2005.05.14"]

1. e4 d6 2. d4 g6 3. Nf3 Bg7 4. Bc4 Nd7 5. c3 Ngf6 6. Nbd2 O-O 7. O-O e5 8. d5
Nc5 9. Re1 Rb8 10. b4 Ncd7 11. Nb3 b5 12. Bd3 a6 13. Be3 Nb6 14. Na5 Bd7 15.
Qe2 Qe8 16. Rac1 c6 17. dxc6 Bxc6 18. Nxc6 Qxc6 19. Bg5 Rbc8 20. Nd2 h6 21.
Bxf6 Bxf6 22. c4 Bg5 23. Rc2 Bxd2 24. Rxd2 bxc4 25. Qe3 Rc7 26. Bf1 Rfc8 27.
Qf3 Kg7 28. g3 f5 29. Bh3 Rf8 30. Bg2 fxe4 31. Qxe4 Qxe4 32. Bxe4 Rf6 33. Rc2
d5 34. Bd3 e4 35. Be2 Re7 0-1

[Event "C.to Regionale Lombardia"]
[Site "Monza ITA"]
[Date "2005.05.22"]
[Round "5"]
[White "Perissinotto, Claudio"]
[Black "Rinaldo, Andrea"]
[Result "1-0"]
[WhiteElo "2098"]
[BlackElo "1748"]
[PlyCount "95"]
[EventDate "2005.05.14"]

1. e4 e6 2. d4 d5 3. Nc3 Nf6 4. Bg5 c5 5. exd5 exd5 6. Bxf6 Qxf6 7. Nxd5 Qe6+
8. Qe2 Bd6 9. dxc5 Be5 10. Nf3 Qxd5 11. Qxe5+ Qxe5+ 12. Nxe5 O-O 13. O-O-O Be6
14. Bc4 Bxc4 15. Nxc4 Na6 16. c6 bxc6 17. Rd6 Rfe8 18. Ne3 Rac8 19. Rhd1 Nc5
20. Nf5 g6 21. Ng3 h5 22. h4 Ne4 23. Nxe4 Rxe4 24. R6d4 Re2 25. R4d2 Re4 26. g3
Rce8 27. c3 a5 28. Rd8 Kf8 29. Rxe8+ Kxe8 30. Kd2 Kd7 31. Kd3 Re5 32. Kc4+ Kc7
33. Rd2 Re7 34. b3 Re4+ 35. Kd3 Re7 36. Re2 Rd7+ 37. Kc4 Kb6 38. a4 Kc7 39. f3
Kb6 40. g4 hxg4 41. fxg4 f5 42. gxf5 gxf5 43. Rf2 Rh7 44. Rf4 Kc7 45. Kc5 Rh5
46. b4 axb4 47. cxb4 Kb7 48. Kd6 1-0

[Event "C.to Regionale Lombardia"]
[Site "Monza ITA"]
[Date "2005.05.22"]
[Round "5"]
[White "Piantoni, Roberto"]
[Black "Gabetto, Flaviano"]
[Result "1-0"]
[WhiteElo "2169"]
[BlackElo "2136"]
[PlyCount "76"]
[EventDate "2005.05.14"]

1. Nf3 Nf6 2. d4 g6 3. Bf4 Bg7 4. e3 d6 5. h3 Nbd7 6. Be2 O-O 7. O-O c6 8. c4
Ne8 9. Bh2 e5 10. dxe5 Qb6 11. Qb3 dxe5 12. Nc3 Qd8 13. Qa3 f5 14. Rad1 Qf6 15.
Rxd7 Bxd7 16. Bxe5 Qe6 17. Bf4 h6 18. h4 Kh7 19. Rd1 Rf7 20. Qb4 b6 21. c5 b5
22. Qa5 Qe7 23. Qa3 a5 24. b4 axb4 25. Qxb4 Be6 26. a4 bxa4 27. Nxa4 Bd5 28.
Nb6 Ra2 29. Nxd5 cxd5 30. Bb5 Nc7 31. Bxc7 Qxc7 32. Rxd5 Ra1+ 33. Bf1 Qc8 34.
Qc4 Rb7 35. Nd2 Rb2 36. Rd6 Raa2 37. Nf3 Rc2 38. Qf7 Qxc5 1-0

[Event "C.to Regionale Lombardia"]
[Site "Monza ITA"]
[Date "2005.05.22"]
[Round "5"]
[White "Romano, Zeno"]
[Black "Marrone, Vincenzo"]
[Result "1-0"]
[WhiteElo "1767"]
[BlackElo "1838"]
[PlyCount "105"]
[EventDate "2005.05.14"]

1. e4 e6 2. d4 d5 3. e5 c5 4. c3 Nc6 5. Nf3 Qb6 6. Be2 cxd4 7. cxd4 Nh6 8. b3
Nf5 9. Bb2 Bb4+ 10. Kf1 Bd7 11. Nc3 Ncxd4 12. Nxd5 exd5 13. Nxd4 O-O 14. Nxf5
Bxf5 15. Qxd5 Rac8 16. Bd4 Qg6 17. Qf3 Rc2 18. Qe3 Rfc8 19. Bc4 b5 20. Bxb5 Bd2
21. Qg3 Bg4 22. f3 Rc1+ 23. Kf2 Qc2 24. Rhxc1 Bxc1+ 25. Be2 Be6 26. Qh4 Bf5 27.
Kf1 Bd3 28. Qe1 Bd2 29. Qd1 Bxe2+ 30. Qxe2 Rd8 31. Be3 Qd3 32. Qxd3 Rxd3 33.
Bxd2 Rxd2 34. b4 Rb2 35. a3 Kf8 36. Re1 Rb3 37. Ra1 Ke7 38. Kf2 Ke6 39. f4 Kf5
40. g3 g5 41. fxg5 Kxg5 42. Ra2 Kf5 43. Kg2 Kxe5 44. Kh3 Kf6 45. Kg4 Kg6 46. h3
h6 47. Kf4 Kf6 48. h4 h5 49. g4 hxg4 50. Kxg4 Kg6 51. h5+ Kh6 52. Kf5 Kxh5 53.
Rh2+ 1-0

[Event "C.to Regionale Lombardia"]
[Site "Monza ITA"]
[Date "2005.05.22"]
[Round "5"]
[White "Salmoiraghi, Angelo"]
[Black "Cammarota, Vittorio"]
[Result "1-0"]
[WhiteElo "1823"]
[BlackElo "1709"]
[PlyCount "41"]
[EventDate "2005.05.14"]

1. e4 c5 2. Nf3 Nc6 3. d3 d6 4. g3 Nf6 5. Bg2 e5 6. c3 Qb6 7. Na3 Be6 8. Ng5
Be7 9. Nxe6 fxe6 10. Bh3 Kd7 11. Nc4 Qc7 12. Ne3 Raf8 13. Nd5 Qd8 14. Qb3 Kc8
15. Bxe6+ Kb8 16. a4 h5 17. a5 Ng4 18. a6 b6 19. Qb5 Qe8 20. Nxb6 Nd8 21. Nd7+
1-0

[Event "C.to Regionale Lombardia"]
[Site "Monza ITA"]
[Date "2005.05.22"]
[Round "5"]
[White "Secondi, Daniele"]
[Black "Pisani, Gennaro"]
[Result "0-1"]
[WhiteElo "1440"]
[BlackElo "1526"]
[PlyCount "70"]
[EventDate "2005.05.14"]

1. d4 Nf6 2. c3 g6 3. Bf4 d6 4. e3 Bg7 5. Bd3 Nh5 6. Ne2 O-O 7. Qb3 e5 8. Bg3
Nxg3 9. hxg3 b6 10. Nd2 Bb7 11. Be4 d5 12. Bf3 e4 13. Bg4 f5 14. Bh3 Qd6 15. f3
exf3 16. gxf3 Ba6 17. c4 Bb7 18. O-O-O Nd7 19. Bg2 a5 20. f4 Nf6 21. Nc3 Ne4
22. Rdf1 Nxg3 23. Nxd5 Nxf1 24. Rxf1 Kh8 25. e4 Bxd5 26. cxd5 Bxd4 27. Nf3
Qxf4+ 28. Nd2 Qd6 29. Nc4 Qc5 30. Kb1 fxe4 31. Re1 Rf4 32. Bxe4 Re8 33. Nd2 Qb4
34. a3 Qxb3 35. Nxb3 Rfxe4 0-1

[Event "C.to Regionale Lombardia"]
[Site "Monza ITA"]
[Date "2005.05.22"]
[Round "5"]
[White "Tassini, Marco"]
[Black "Brunelli, Giovanni"]
[Result "0-1"]
[WhiteElo "1691"]
[BlackElo "1956"]
[PlyCount "34"]
[EventDate "2005.05.14"]

1. d4 Nf6 2. c4 e6 3. Nc3 d5 4. cxd5 exd5 5. Bg5 Nbd7 6. a3 Be7 7. Qc2 h6 8.
Bh4 O-O 9. e3 c5 10. dxc5 Nxc5 11. Rd1 Be6 12. Bxf6 Bxf6 13. Nxd5 Rc8 14. b4
Bxd5 15. bxc5 Qa5+ 16. Ke2 Rxc5 17. Qd2 Qb5+ 0-1

[Event "C.to Regionale Lombardia"]
[Site "Monza ITA"]
[Date "2005.05.22"]
[Round "5"]
[White "Villalba, Fernando"]
[Black "Bettini, Massimo"]
[Result "1-0"]
[WhiteElo "1773"]
[BlackElo "1896"]
[PlyCount "98"]
[EventDate "2005.05.14"]

1. e4 e5 2. Nf3 Nc6 3. d4 exd4 4. Nxd4 Qh4 5. Nxc6 Qxe4+ 6. Be2 dxc6 7. O-O Bd7
8. Bf3 Qg6 9. Re1+ Ne7 10. Be3 O-O-O 11. Nc3 Bf5 12. Qe2 Bxc2 13. Qc4 Kb8 14.
a4 Bd3 15. Qc5 Nc8 16. Qa5 b6 17. Qg5 Qxg5 18. Bxg5 f6 19. Bf4 Bd6 20. Be3 c5
21. Red1 Ba6 22. a5 Bb7 23. axb6 cxb6 24. Bg4 h5 25. Bxc8 Bxc8 26. Nb5 Be5 27.
Re1 a6 28. Nc3 Bxc3 29. bxc3 Rd3 30. Bf4+ Ka8 31. Re7 Rhd8 32. h3 g5 33. Bc7
Rd1+ 34. Rxd1 Rxd1+ 35. Kh2 b5 36. Bb6 c4 37. Ra7+ Kb8 38. Rf7 f5 39. Rg7 g4
40. hxg4 hxg4 41. Kg3 Rd3+ 42. Kf4 Rxc3 43. Ke5 Rd3 44. Bc5 c3 45. Bd6+ Ka8 46.
Rc7 Bb7 47. Ke6 c2 48. Bf4 a5 49. Rxb7 Kxb7 1-0